Southville International School and Colleges
Your cart is empty.
  • Cart
  • Lists
    Public lists Eva Luna New books Lux_list list_1
    Your lists Log in to create your own lists
  • Log in to your account
  • Your cookies
  • Search history
Southville International School and Colleges
  • Advanced search
  • Recent comments
  • Most popular
  • Libraries

Log in to your account

Log in with GOOGLE


If you do not have an external account, but do have a local account, you can still log in:

  1. Home
  2. MARC view: Webster's universal dictionary and thesaurus /
Normal view MARC view ISBD view

Webster's universal dictionary and thesaurus / (Record no. 23049)

[ view plain ]
MARC details
000 -LEADER
fixed length control field 00455nam a2200169 a 4500
005 - DATE AND TIME OF LATEST TRANSACTION
control field 20140310183440.0
008 - FIXED-LENGTH DATA ELEMENTS--GENERAL INFORMATION
fixed length control field 080402s19uu xx 00 eng d
020 ## - INTERNATIONAL STANDARD BOOK NUMBER
International Standard Book Number 10184205189x
050 ## - LIBRARY OF CONGRESS CALL NUMBER
Classification number PE 1625
Item number .W391 2006
245 ## - TITLE STATEMENT
Title Webster's universal dictionary and thesaurus /
260 ## - PUBLICATION, DISTRIBUTION, ETC. (IMPRINT)
Place of publication, distribution, etc Scotland :
Name of publisher, distributor, etc Geddes & Grosset,
Date of publication, distribution, etc 2006.
300 ## - PHYSICAL DESCRIPTION
Extent 960 p. :
Dimensions 31 cm.
650 ## - SUBJECT ADDED ENTRY--TOPICAL TERM
Topical term or geographic name as entry element Dictionaries.
650 ## - SUBJECT ADDED ENTRY--TOPICAL TERM
Topical term or geographic name as entry element Thesaurus.
942 ## - ADDED ENTRY ELEMENTS (KOHA)
Koha item type Books
Source of classification or shelving scheme Library of Congress Classification
Holdings
Withdrawn status Lost status Source of classification or shelving scheme Damaged status Home library Current library Shelving location Date acquired Source of acquisition Total Checkouts Full call number Barcode Date last seen Copy number Price effective from Koha item type
    Library of Congress Classification   College Library College Library Reference Section 04/02/2008     PE 1625 .W391 2006 C9323 05/15/2018 1 10/18/2013 Books

Webster's universal dictionary and thesaurus /

APA

(2006). Webster's universal dictionary and thesaurus. Scotland: Geddes & Grosset.

Chicago

2006. Webster's universal dictionary and thesaurus. Scotland: Geddes & Grosset.

Harvard

(2006). Webster's universal dictionary and thesaurus. Scotland: Geddes & Grosset.

MLA

Webster's universal dictionary and thesaurus. Scotland: Geddes & Grosset. 2006.

  • Place hold
  • Print
  • Cite
  • Add to your cart (remove)
  • Save record
    BIBTEX Dublin Core MARCXML MARC (non-Unicode/MARC-8) MARC (Unicode/UTF-8) MARC (Unicode/UTF-8, Standard) MODS (XML) RIS
  • More searches
    Search for this title in:
    Other Libraries (WorldCat) Other Databases (Google Scholar) Online Stores (Bookfinder.com) Open Library (openlibrary.org)

Exporting to Dublin Core...

SOUTHVILLE LIBRARY

Southville International School and Colleges Library

1281 Tropical Ave. Cor. Luxembourg St., BF Homes International, Las Pinas City

Tel. No. 8256374 / 252358 Loc. 117/146

Powered by Koha